Statistics for The 50 States by Stereotype

Click here to take the quiz!

General Stats

  • This quiz has been taken 339 times
  • The average score is 17 of 50

Answer Stats

StateAdjective% Correct
MinnesotaCold
83%
North DakotaCold
83%
ColoradoCold
83%
AlaskaCold
83%
MichiganCold
83%
ArizonaHot
81%
FloridaHot
81%
TexasBig
59%
MississippiPoor
59%
KentuckyPoor
59%
Rhode IslandSmall
53%
DelawareSmall
53%
IndianaBoring
38%
WyomingBoring
38%
South CarolinaStupid
37%
MarylandLiberal
35%
New MexicoLiberal
35%
CaliforniaLiberal
35%
KansasConservative
33%
IdahoConservative
33%
WashingtonRainy
32%
MaineExpensive
28%
HawaiiExpensive
28%
New YorkExpensive
28%
WisconsinFat
28%
MassachusettsSmart
28%
VermontWhite
28%
OregonWhite
28%
New HampshireWhite
28%
PennsylvaniaHumid
23%
AlabamaHumid
23%
ArkansasHumid
23%
NebraskaHumid
23%
MissouriHumid
23%
IowaHumid
23%
NevadaEmpty
22%
UtahMormon
22%
West VirginiaBad
21%
VirginiaBad
21%
OklahomaRepublican
20%
GeorgiaCheap
17%
South DakotaHappy
13%
LouisianaHappy
13%
North CarolinaPopular
12%
TennesseeCorrupt
9%
IllinoisCorrupt
9%
MontanaGreat
8%
OhioImportant
7%
New JerseyTrashy
7%
ConnecticutHaunted
3%

Score Distribution

Percentile by Number Answered

Percent of People with Each Score

Your Score History

You have not taken this quiz